Campeones de la Eurocopa ¡Muerte súbita! - Estadísticas

Estadísticas generales
  • Esta prueba ha sido intentada 77 veces
  • La puntuación promedio es 7 de 10
Answers on the Grid
Answers color-coded by a green-red scale on the quiz's grid according to % correct below.
Yugoslavia
Alemania
Croacia
Portugal
Grecia
Suiza
Italia
Turquía
España
Dinamarca
Escocia
Francia
Paises Bajos
Gales
Bélgica
Union Soviética
Suecia
Inglaterra
Checoslovaquia
Polonia
 
Estadísticas de respuestas
Respuesta % Correcto
España
94%
Italia
92%
Alemania
90%
Portugal
82%
Francia
78%
Grecia
76%
Dinamarca
63%
Paises Bajos
61%
Union Soviética
49%
Checoslovaquia
31%
No se encontraron pruebas coincidentes
Distribución de puntuación
Porcentaje de gente con cada puntuación
Porcentaje por número respondido
Historial de tus puntuaciones
No has intentado esta prueba.